La evaluación de impacto ambiental y su régimen jurídico : análisis del nuevo paradigma /

Guardado en:
Autor Principal: Pinto, Mauricio
Otros Autores: Liber, Martín
Formato: Desconocido
Idioma:Spanish
Publicado: Buenos Aires : Lajouane, 2012
Edición:1a. ed.
Series:Obras de derecho
Materias:
Etiquetas: Agregar Etiqueta
Sin Etiquetas, Sea el primero en etiquetar este registro!
LEADER 00643nac a22001935a 4500
001 DER.der013363
008 180615s2012####ag#||||||||||||||#||spa||
005 20251216163821.0
245 1 0 |a La evaluación de impacto ambiental y su régimen jurídico :  |b análisis del nuevo paradigma /  |c Mauricio Pinto , Martín Liber. 
250 |a 1a. ed. 
260 |a Buenos Aires :  |b Lajouane,  |c 2012 
300 |a 359 p. 
440 0 |a Obras de derecho 
020 |a 9789871286782 
100 1 |a Pinto, Mauricio 
700 1 |a Liber, Martín 
650 7 |a DERECHO AMBIENTAL 
650 7 |a evaluación del impacto ambiental 
859 |a DERECHO  |b BIB. DERECHO  |h 346.046  |i PIN  |p 008297